000 00712nam a2200253Ia 4500
005 20260306145444.0
008 008 260114s9999 xx 000 0 eng d
020 _a9780520383821
037 _aEbook
040 _aCRL
040 _beng
040 _cCRL
041 _2eng
041 _aeng
084 _qCRL
100 _aDarity Jr.,William A.;Mullen, A. Kirsten;Hubbard, Lucas
_91123773
245 4 _aThe black reparations project : a handbook for racial justice
260 _bUniversity of California Press (UC Press)
260 _c2023
650 _aBusiness and Economics
_9747531
856 _uhttps://www.degruyter.com/isbn/9780520383821
942 _cEBOOK
999 _c1688606
_d1688606